000 00982cab a2200289 4500
001 ABS58879
008 090401t1998 xxu||||| |||| 00| 0 eng d
035 _a(Sirsi) u86945
041 _aeng
100 _aGoulding, A.
245 _aHow to keep your options open when buying land
260 _c1998
350 _a0
490 _aCSM
_bChartered Surveyor Monthly
_v7(9) June 1998, 42-43(2)
520 _aDiscusses the various types of option agreements and the benefits for both grantor and grantee. Considers consortium agreements and the need to reconcile grantor`s wish to deal with land and the need for the grantee to protect his interest.
650 _aCONDITIONAL CONTRACT
650 _aDEVELOPMENT VALUE
650 _aMORTGAGE
650 _aOPTION AGREEMENTS
650 _aOVERAGE
650 _aPLANNING PERMISSION
650 _aPRE-EMPTION AGREEMENTS
650 _aPUT
690 _aPROPERTY-PROPERTY DEVELOPMENT
942 _n0
948 _c23/06/1998
999 _c54754
_d54754